Normal view MARC view
  • VERMA.N.K ET AL

Entry Personal Name

Number of records used in: 1

001 - CONTROL NUMBER

  • control field: 4764

003 - CONTROL NUMBER IDENTIFIER

  • control field: OSt

005 - DATE AND TIME OF LATEST TRANSACTION

  • control field: 20180111103201.0

008 - FIXED-LENGTH DATA ELEMENTS

  • fixed length control field: 180111|| aca||aabn | a|a d

040 ## - CATALOGING SOURCE

  • Original cataloging agency: OSt

100 ## - HEADING--PERSONAL NAME

  • Personal name: VERMA.N.K ET AL

Powered by Koha